| 000 | 01060nam a22002175i 4500 | ||
|---|---|---|---|
| 001 | 154101 | ||
| 003 | ES-MaACL | ||
| 005 | 20240125194423.0 | ||
| 008 | 040728q18301875fr a |||| | fre d | ||
| 100 | 1 |
_aFlaxman, John. _9127096 |
|
| 245 | 1 | 3 |
_aLa Divine comédie du Dante Alighieri / _cgravée par Réveil ; d'après les compositions de J. Flaxman. |
| 260 |
_aParis : _bchez Audot libraire et chez Susse, _c[entre 1830 y 1875] |
||
| 300 |
_a29 p., 38, 38, 37 h. de lám. ; _c18 x 28 cm. |
||
| 505 | 8 | _aContiene: Analyse de la Divine comédie du Dante: L'Enfer (p.1-10, 38 h. de lám.); Le Purgatoire (p. 11-19, 38 h. de lám.), Le Paradis (p.20-29, 37 h. de lám.) | |
| 594 | _aTít. y pie de imp. tomados de port. grab. enc. entre la p. 10 y la primera h. de lám. de L'enfer. | ||
| 599 | _aLám.: grab. calc. "Flaxman inv., Reveil sc." | ||
| 600 | 0 | 4 |
_aDante Alighieri, _d1265-1321. _tLa divina commedia _9175737 |
| 700 | 1 |
_aRéveil, Etienne Achille. _9132229 |
|
| 852 |
_aES-MaACL _jR-3454(4) _z- Enc. hol. |
||
| 999 |
_c154101 _d154101 |
||